000 00635nam a22002057a 4500
005 20220601100137.0
008 220214b fr ||||| |||| 00| 0 fre d
050 0 4 _aD16
_bF37 1974
245 _aFaire de l´histoire. /
_csous la dir. Jacques Le Goff et Pierre Nora.
250 _a1a ed.
260 _aFrancia :
_bGallimard,
_c1974
300 _a3v. ;
_c23 cm.
490 0 _aBibliothéque des Histoires;
505 0 _tv.1. Nouveaux problemes
505 0 _tv.2. Nouvelles approches
505 0 _tv.3. Nouveaux objets
650 4 _aHistoria
_xMetodología
700 1 _aLe Goff, Jacques
_eeditor
942 _2lcc
_cLIB
999 _c160365
_d160363